Statistics for Guess the city

Click here to take the quiz!

General Stats

  • This quiz has been taken 33 times
  • The average score is 8 of 15

Answer Stats

Answer% Correct
Berlin
97%
Venice
97%
Beijing
94%
Florence
75%
Jerusalem
72%
Singapore
66%
Hong Kong
63%
Luxor
59%
Cape Town
38%
Doha
34%
Pyongyang
31%
Auckland
28%
Brasilia
28%
Mexico City
25%
Santiago
16%

Score Distribution

Percentile by Number Answered

Percent of People with Each Score

Your Score History

You have not taken this quiz